| 000 | 01095nam a22002177a 4500 | ||
|---|---|---|---|
| 001 | 4371 | ||
| 003 | FISKH | ||
| 005 | 20240814150906.0 | ||
| 008 | 240814b cb ||||| |||| 00| 0 eng d | ||
| 040 |
_aFISKH _beng _cFISKH _dFISKH |
||
| 050 | _aPR4854.J6 | ||
| 082 | _a823.8 | ||
| 100 | _aKipling, Rudyard | ||
| 245 |
_aThe jungle book / _cBy Rudyard Kipling |
||
| 260 |
_aPhnom Penh : _bFootprints International School, _c2024. |
||
| 300 |
_a189 pages : _c21 cm |
||
| 520 | _aThe Jungle Book from 1894 is a collection of Rudyard Kipling's stories that give moral lessons through the personification of animals. The most famous of the stories are the three detailing the adventures of Mowgli, the abandoned "man cub" who is raised by wolves in the Indian jungle. Also well-known is the tale of a heroic mongoose Rikki-Tikki-Tavi, and the story of a young elephant handler in Toomai of the Elephants. Due to its moral flavor, The Jungle Book was used by the junior section of the Scouting movement, the Cub Scouts. | ||
| 650 |
_aAdventure _vAnimals |
||
| 942 |
_2ddc _cBK _n0 |
||
| 999 |
_c4371 _d4371 |
||